书目信息 |
| 题名: |
葡萄栽培技术
|
|
| 作者: | 刘捍中 , 石桂英 编著 | |
| 分册: | ||
| 出版信息: | 北京 金盾出版社 1991.4 |
|
| 页数: | 192页 | |
| 开本: | 19cm | |
| 丛书名: | ||
| 单 册: | ||
| 中图分类: | S663.1 | |
| 科图分类: | ||
| 主题词: | 葡萄--栽培 | |
| 电子资源: | ||
| ISBN: | 7-80022-313-2 | |
| 000 | 00639nam0 2200217 45 | |
| 001 | 0191020106 | |
| 005 | 20060418155220.20 | |
| 010 | @a7-80022-313-2@dCNY2.20 | |
| 100 | @a19910816d1991 em y0chiy0121 ea | |
| 101 | 0 | @achi |
| 102 | @aCN@b110000 | |
| 105 | @ay z 000yy | |
| 200 | 10 | @a葡萄栽培技术@APU TAO ZAI PEI JI SHU@f刘捍中,石桂英编著@FLIU HAN ZHONG , SHI GUI YING BIAN ZHU |
| 210 | @a北京@c金盾出版社@d1991.4 | |
| 215 | @a192页@d19cm | |
| 606 | @a葡萄@x栽培 | |
| 690 | @aS663.1@v3 | |
| 701 | 0 | @a刘捍中@ALIU HAN ZHONG@4编著 |
| 701 | 0 | @a石桂英@ASHI GUI YING@4编著 |
| 801 | 0 | @aCN@bNLC@c20060418 |
| 905 | @dS663.1@e47@b248261@f1 | |
| 葡萄栽培技术/刘捍中,石桂英编著.-北京:金盾出版社,1991.4 |
| 192页;19cm |
| ISBN 7-80022-313-2:CNY2.20 |
| ● |
| 相关链接 |
|
|
|
|
正题名:葡萄栽培技术
索取号:S663.1/47
 
预约/预借
| 序号 | 登录号 | 条形码 | 馆藏地/架位号 | 状态 | 备注 |
| 1 | 0248261 | 001953746 | 密集书库/ [索取号:S663.1/47] | 在馆 | |
| 2 | 0248262 | 202244222 | 密集书库/ [索取号:S663.1/47] | 在馆 | |
| 3 | 0248263 | 000718423 | 密集书库/ [索取号:S663.1/47] | 在馆 | |
| 4 | 0248264 | 000718414 | 第二样本阅览室/ [索取号:S663.1/47] | 在馆 |